000 00724nam a2200289Ia 4500
005 20260324133820.0
008 008 260324s9999 xx 000 0 eng d
020 _a9781315829173
037 _aEBOOK
040 _aCRL
040 _beng
040 _cCRL
041 _2eng
041 _aeng
084 _qCRL
100 _aSir Martin Ewans; Martin Ewans
_91194507
245 0 _aEuropean Atrocity, African Catastrophe
245 0 _bLeopold II, the Congo Free State and its Aftermath
260 _bTaylor and Francis
260 _c2002
365 _a
365 _b290
856 _uhttp://www.taylorfrancis.com/books/9781315829173
942 _cEBOOK
999 _c1793938
_d1793938